000 00506nam a2200133 a 4500
001 000032854
005 20200930065856.0
008 110714s1928 dr 000 0 spa d
040 _aDO-SdBNP
_bspa
_cBNPHU
245 0 0 _aMemoria correspondiente al año 1927, que al ciudadano Presidente de la República presenta el Sr. M. Martín de Moya, secretario de Estado de Agricultura é Inmigración.
260 _aSanto Domingo :
_bImp. de J. R. Vda. García,
_c1928.
300 _a399 p. ;
_c30 cm.
049 _aBNPD
999 _c32345
_d32345